000 00798nam a2200217Ia 4500
005 20250108124748.0
008 008 250107s9999 xx 000 0 hin d
020 _a978-0-143-06705-4
037 _aTB
040 _aCRL
_bhin
_cCRL
041 _ahin
_2hin
084 _aΔ2:3 Q3
084 _qCRL
100 _aसंजीव कुमार, (पी.जी.डी.ए.वी), संपा.
_9729736
245 0 _aराजनीति सिद्धांत की समझ
_cसंजीव कुमार, (पी.जी.डी.ए.वी), संपा.
260 _aहैदराबाद, भारत
_bओरियंट ब्लैकस्वान
_c2085
300 _a239पृ0
365 _aINR
_b0
942 _cTB
_hΔ2:3 Q3
999 _c1234473
_d1234473